Dhenga Mashti (Record no. 16802)

000 -LEADER
fixed length control field 00301nam a22001337a 4500
008 - FIXED-LENGTH DATA ELEMENTS--GENERAL INFORMATION
fixed length control field 140107t xxu||||| |||| 00| 0 eng d
020 ## - INTERNATIONAL STANDARD BOOK NUMBER
International Standard Book Number 969-35-1646-X
100 ## - MAIN ENTRY--PERSONAL NAME
Personal name Ashfaq Ahmad
9 (RLIN) 531
240 ## - UNIFORM TITLE
Uniform title dhingamashti
245 ## - TITLE STATEMENT
Title Dhenga Mashti
246 ## - VARYING FORM OF TITLE
Title proper/short title dhinga mashti
300 ## - PHYSICAL DESCRIPTION
Extent 340
942 ## - ADDED ENTRY ELEMENTS (KOHA)
Source of classification or shelving scheme
Koha item type Book
Holdings
Withdrawn status Lost status Source of classification or shelving scheme Damaged status Not for loan Collection code Permanent Location Current Location Date acquired Total Checkouts Full call number Barcode Date last seen Price effective from Koha item type
            Atta-ur-Rahman School of Applied Biosciences (ASAB) Atta-ur-Rahman School of Applied Biosciences (ASAB) 01/07/2014   Fic Ahmad ASAB2567 01/07/2014 01/07/2014 Book
            Atta-ur-Rahman School of Applied Biosciences (ASAB) Atta-ur-Rahman School of Applied Biosciences (ASAB) 01/07/2014   Fic Ahmad ASAB2566 01/07/2014 01/07/2014 Book
            Atta-ur-Rahman School of Applied Biosciences (ASAB) Atta-ur-Rahman School of Applied Biosciences (ASAB) 01/07/2014   Fic Ahmad ASAB2565 01/07/2014 01/07/2014 Book
            Atta-ur-Rahman School of Applied Biosciences (ASAB) Atta-ur-Rahman School of Applied Biosciences (ASAB) 01/07/2014   Fic Ahmad ASAB2564 01/07/2014 01/07/2014 Book
            Atta-ur-Rahman School of Applied Biosciences (ASAB) Atta-ur-Rahman School of Applied Biosciences (ASAB) 01/07/2014   Fic Ahmad ASAB2563 12/08/2015 01/07/2014 Book
© 2023 Central Library, National University of Sciences and Technology. All Rights Reserved.